|
|
|
|
| LEADER |
01138nam a22002417a 4500 |
| 001 |
36034 |
| 003 |
BD-DhAAL |
| 008 |
211102t2005 bg ad||| |||| 00| 0 ben d |
| 999 |
|
|
|c 43308
|d 43308
|
| 040 |
|
|
|a BD-DhAAL
|
| 041 |
|
|
|a ben
|
| 082 |
|
|
|a 370.95492
|2 23
|
| 245 |
|
|
|a শিক্ষা পরিকল্পনা :
|b ইউনেস্কো-আইয়াইপি মডেল /
|c নজ্রুল ইসলাম মজুমদার অনুবাদিত
|
| 250 |
|
|
|a প্রথম প্রকাশ
|
| 260 |
|
|
|a ঢাকা :
|b প্যাপিরাস,
|c ২০০৫
|
| 300 |
|
|
|a ১৭৬ পৃষ্ঠা ;
|b ২২ সে.মি.
|
| 526 |
|
|
|a BIED
|
| 541 |
|
|
|a Complimentary copy from BIED
|e 36034
|
| 650 |
|
|
|a Education
|z Bangladesh.
|9 42325
|
| 700 |
|
|
|a মজুমদার, নজ্রুল ইসলাম
|9 42326
|
| 852 |
|
|
|a Ayesha Abed Library
|c BIED Collection
|
| 942 |
|
|
|2 ddc
|c BK
|
| 952 |
|
|
|0 0
|1 0
|2 ddc
|4 0
|6 370_954920000000000_SHI
|7 0
|9 69475
|a BRACUL
|b BRACUL
|c GEN
|d 2021-11-02
|e Complimentary copy from BIED
|l 0
|o 370.95492 SHI
|p 3010036034
|r 2021-11-02
|t 1
|w 2021-11-02
|y BK
|x Transferred from BIED to General Stacks
|